The state of food and agriculture : paying farmers for environmental services

Αποθηκεύτηκε σε:
Λεπτομέρειες βιβλιογραφικής εγγραφής
Συγγραφή απο Οργανισμό/Αρχή: Food and Agriculture Organization of the United Nations
Μορφή: Βιβλίο
Γλώσσα:English
Δημοσίευση: Rome : Food and Agriculture Organization of the United Nations, 2007
Σειρά:FAO agricultural series, 38
Θέματα:
Ετικέτες: Προσθήκη ετικέτας
Δεν υπάρχουν, Καταχωρήστε ετικέτα πρώτοι!

MARC

LEADER 00000cam a2200000 i 4500
001 1/10313
008 100924s2007 eng d
020 |a 978-92-5-105750-6 
035 |l 10108969 
040 |a GR-MY-UA  |b gre  |e aacr 
041 0 |a eng 
082 0 |a 338.1  |2 (22) 
110 2 |a Food and Agriculture Organization of the United Nations. 
245 1 4 |a The state of food and agriculture :  |b paying farmers for environmental services /  |c Food and Agriculture Organization of the United Nations 
260 |a Rome :   |b Food and Agriculture Organization of the United Nations,   |c 2007 
300 |a 222 σ.;  |b εικ., πιν.;  |c 30 εκ. 
490 1 |a FAO agriculture series  |v ; 38  |x 0081-4539 
504 |a Περιέχει βιβλιογραφικές αναφορές και ευρετήριο 
650 0 0 |a Agriculture  |x Economic aspects. 
650 0 0 |a Food supply. 
650 0 0 |a Agriculture and state. 
830 0 |a FAO agricultural series,  |x 0081-4539 ;   |v 38 
852 |a INST  |b LESVOS  |e 20100924  |h 338.1 FOO  |p 005100048671  |q 005100048671  |t BK  |y 0 
901 |a BIBL1-2010-3 
970 |a ΤΖΑΦΕΡΗ  |b ΕΥΑΓΓΕΛΙΑ  |z 2010/09/24